QUIZ TRES SIMPLE ET FACILE - Statistiques

Statistiques générales
  • Ce quiz a été pris 486 fois
  • Le résultat moyen est 11 sur 15
Statistiques - réponses
Question Réponse % Correct
Est-tu beau/belle ? Oui
98%
En quel lange est ce quiz ? En français
89%
Combien de couleurs à l'arc-en-ciel ? 7
87%
Quel animal a une corne et pète des arcs-en-ciel ? La licorne
85%
Quel est l'école entre le collège et la fac ? Le lycée
85%
Quel animal a des ailes et crache du feu ? Le dragon
84%
Quel est le prénom de la reine Elizabeth II ? Elizabeth
83%
Réecrivez : Violet, indigo, bleu, vert, jaune, orange et rouge Violet, indigo, bleu, vert, jaune, orange et rouge
80%
Quel le livre le plus connu de J.K Rowling ? Harry Potter
78%
Quel est le mot le plus long de la lange française ? Anticonstitutionnellement
72%
Qui est le mec américain avec la tête orange ? Donald Trump
72%
Que veut dire hamburger en français ? Hamburger
72%
Que veut dire igloo en français ? Igloo
68%
Ecrit sût ton clavier toutes les lettres dans l'ordre de gauche à droite et de bas en haut ! azertyuiopqsdfghjklmwxcvbn
53%
Qui est le papi américain trop chou ? Joe Biden
40%
Aucun quiz correspondant
Distribution des résultats
% des personnes avec chaque résultat
Percentile par nombre de réponses
Votre historique - résultats
Vous n’avez pas pris ce quiz